Vista normal
Vista MARC
Entrada Materia (geográfica)
Número de registros utilizados en: 2
001 - CONTROL NUMBER
- control field: 84069
003 - CONTROL NUMBER IDENTIFIER
- control field: Co-BoUCM
005 - DATE AND TIME OF LATEST TRANSACTION
- control field: 20170213140630.0
008 - FIXED-LENGTH DATA ELEMENTS
- fixed length control field: 170213|| aca||aabn | a|a d
040 ## - CATALOGING SOURCE
- Original cataloging agency: Co-BoUCM
- Transcribing agency: Co-BoUCM
151 ## - HEADING--GEOGRAPHIC NAME
- Geographic name: Francia
- General subdivision: Historia militar
670 ## - SOURCE DATA FOUND
- Source citation: Work cat.: (Co-BoUCM)305932: Drévillon, Hervé 1963- 84065, L' Individu et la Guerre , 2013